|
|
|
|
| LEADER |
01067cam a2200301Ia 4500 |
| 001 |
9780203136447 |
| 003 |
FlBoTFG |
| 005 |
20091230162919.0 |
| 006 |
a|||||s||||||||||| |
| 007 |
cr|||| |
| 008 |
850522s1986 enka sbd 000 0 eng d |
| 020 |
|
|
|a 9780203136447 (e-book : PDF)
|
| 040 |
|
|
|a FlBoTFG
|c FlBoTFG
|d GrThAP
|
| 043 |
|
|
|a f-ua---
|
| 090 |
|
|
|a BL2450.G6
|b H37 1986
|
| 092 |
|
|
|a 299.31
|b H325
|
| 100 |
1 |
|
|a Hart, George,
|d 1945-
|
| 245 |
1 |
2 |
|a A dictionary of Egyptian gods and goddesses
|h [electronic resource] /
|c George Hart.
|
| 260 |
|
|
|a London ;
|a Boston :
|b Routledge & Kegan Paul,
|c 1986.
|
| 300 |
|
|
|a xv, 229 p. :
|b ill.
|
| 504 |
|
|
|a Includes bibliographical references (p. 227).
|
| 530 |
|
|
|a Also available in print edition.
|b CRC Press (http://www.crcpress.com)
|
| 538 |
|
|
|a Mode of access: World Wide Web.
|
| 650 |
|
0 |
|a Gods, Egyptian
|v Dictionaries.
|
| 650 |
|
0 |
|a Mythology, Egyptian
|v Dictionaries.
|
| 655 |
|
7 |
|a Electronic books.
|2 lcsh
|
| 776 |
1 |
|
|z 9780415059091
|
| 856 |
4 |
0 |
|u http://www.tandfebooks.com/isbn/9780203136447
|z Full Text via HEAL-Link
|